| 000 | 00514nam a2200133Ia 4500 | ||
|---|---|---|---|
| 008 | 171212s9999 xx 000 0 und d | ||
| 020 | _a9780874216202 | ||
| 100 | _aDethier, Brock | ||
| 245 |
_cDethier, Brock _aFirst Time Up _bAn Insider'S Guide For New Composition Teachers |
||
| 260 |
_bUniversity Press of Colorado _c2005 |
||
| 650 | _aEducation | ||
| 650 | _aEnglish language -- Rhetoric -- Study and teaching; Report writing -- Study and teaching (Higher) | ||
| 856 | _uwww.jstor.org/stable/10.2307/j.ctt4cgqbh | ||
| 999 |
_c353066 _d353066 |
||